[Event "Lazne Bohdanec"]
[Site "Lazne Bohdanec"]
[Date "1997.??.??"]
[Round "5"]
[White "Polak, Tomas"]
[Black "Jansa, Vlastimil"]
[Result "0-1"]
[WhiteElo "2450"]
[BlackElo "2490"]
[Annotator "Ribli,Z"]
[PlyCount "80"]
[EventDate "1997.01.??"]
[EventType "tourn"]
[EventRounds "11"]
[EventCountry "CZE"]
[EventCategory "9"]
[SourceTitle "CBM 057"]
[Source "ChessBase"]
[SourceDate "1997.04.01"]
[SourceVersion "1"]
[SourceVersionDate "1997.04.01"]
[SourceQuality "1"]

1. d4 d6 2. c4 e5 3. Nc3 exd4 4. Qxd4 {Es ist ein wenig ungewöhnlich, daß Weiß
so früh einen Zug mit der Dame spielt, aber in dieser Variante ist der
Tempoverlust nicht so wichtig. Wichtiger ist, daß Weiß Raumvorteil und einen
potentiellen Stützpunkt auf d5 hat. Der ideale Aufbau für Weiß wäre g3, Bg2,
b3, Bb2 und Nh3-f4, um das Feld d5 zu kontrollieren. Andererseits hat Schwarz
taktische Motive und kann in einigen Varianten ausnutzen, daß sein Gegner Zeit
mit der Dame verloren hat. Ribli.} Nf6 5. g3 Nc6 6. Qd2 Be6 7. e4 (7. Nd5 {
führt auch zu kompliziertem Spiel. Ribli.}) 7... a5 8. b3 {[#]} Nxe4 $5 {
Eine für diese Variante typische, interessante taktische Möglichkeit. Aber ich
glaube, es wäre vielleicht logischer zuerst 8...a4 9.Rb1 axb3 10.axb3 zu
spielen und erst dann 10...Nxe4. Ribli.} 9. Nxe4 d5 10. cxd5 (10. Nc3 d4 11.
Ne4 Bb4 $19) 10... Bxd5 11. Qe2 $2 (11. f3 Bxe4 (11... Bb4 12. Nc3 Qe7+ (12...
O-O $44) 13. Be2 O-O-O $44) 12. Qxd8+ Rxd8 13. fxe4 {Hier hat Schwarz keine
Kompensation.Ribli.}) (11. Bg2 $2 Bb4 12. Nc3 Bxg2 $19) (11. Qe3 Bb4+ 12. Nc3+
(12. Ke2 O-O $44) 12... Qe7 $19) 11... Bb4+ 12. Bd2 Qe7 13. f3 (13. Bg2 Bxd2+
14. Kxd2 O-O-O $19) 13... Nd4 14. Qd3 Nxf3+ $1 15. Nxf3 Bxe4 16. Qe3 Bxf3 $19 {
Nach großen Verwicklungen hat Schwarz zwei Mehrbauern und eine Gewinnstellung.
Ribli.} 17. Bb5+ c6 18. Qxe7+ Kxe7 19. Rf1 Bd5 {Schwarz hat natürlich gewonnen.
Er hat einen Mehrbauern am Damenflügel und einen Mehrbauern am Königsflügel,
so daß nur nicht eindeutig ist, wo er einen Freibauern machen sollte. Doch der
Gewinn ist nur eine Frage der Zeit. Ribli.} 20. Bd3 Rhd8 21. O-O-O Bxd2+ 22.
Rxd2 Be6 23. Kc2 a4 24. Kc3 axb3 25. axb3 Ra3 26. Bc2 (26. Rb1 Rxd3+ $4 (26...
Rda8) 27. Rxd3 Bf5 28. Re3+) 26... Rxd2 27. Kxd2 h6 28. Kc3 Ra5 29. Rf2 Kd6 {
Die einzige Hoffnung des Weißen ist ein Turmendspiel, weil das Läuferendspiel
für ihn verloren wäre.Ribli.} 30. h4 Rc5+ 31. Kd4 g6 32. Re2 Rd5+ 33. Kc3 Bf5
34. Bxf5 Rxf5 35. Re3 g5 {Wenn ich mich richtig erinnere hat Tarrasch einmal
gesagt, daß "alle Turmendspiele Remis sind !" Aber diese Stellung ist anders...
Ribli.} 36. hxg5 hxg5 37. Rd3+ Rd5 38. Rf3 f5 39. Re3 Re5 40. Rd3+ Ke6 {
Und die Zeitkontrolle war vorbei, Weiß gab auf, er hat nun wirklich keine
Hoffnungen mehr. Ribli.} 0-1

[Event "Alekhine Memorial"]
[Site "Moscow"]
[Date "1992.??.??"]
[Round "?"]
[White "Gelfand, Boris"]
[Black "Shirov, Alexei"]
[Result "0-1"]
[WhiteElo "2685"]
[BlackElo "2710"]
[Annotator "Ribli,Z"]
[PlyCount "176"]
[EventDate "1992.11.??"]
[EventType "tourn"]
[EventRounds "7"]
[EventCountry "RUS"]
[EventCategory "18"]
[SourceTitle "CBM 033"]
[Source "ChessBase"]
[SourceDate "1993.04.01"]
[SourceVersion "1"]
[SourceVersionDate "1993.04.01"]
[SourceQuality "1"]

1. c4 e5 2. Nc3 Bb4 3. Nd5 Be7 $5 4. d4 (4. Nf3 c6 $6 (4... Nc6 5. d4 e4 (5...
d6 $5) 6. Nd2 f5 7. e3 Nf6 8. Nxe7 Qxe7 9. Be2 d6 (9... O-O $5) 10. b4 O-O 11.
b5 Nd8 12. a4 Ne6 13. Nb3 Ng4 14. g3 Ng5 $13 {Lautier-Gavrikov Biel 1991 52/26}
) 5. Nxe7 Qxe7 6. b3 d5 7. e3 Nh6 8. cxd5 cxd5 9. a4 $1 Nc6 10. Ba3 Qe6 11. Rc1
Bd7 12. b4 f6 13. b5 Nd8 14. Be2 Nf5 15. O-O Nd6 16. Qb3 $16 {Ehlvest,J-Shirov,
A Manila izt 1990 CBM/19}) 4... d6 (4... e4 $6 5. Bf4 d6 6. e3 Nf6 7. Qc2 Nbd7
8. Nc3 c6 9. a3 Qb6 10. Nge2 O-O 11. Ng3 d5 12. Nf5 Re8 13. cxd5 Nxd5 14. Bd6
$36 {Azmayparashvili,Z-Schmittdiel,E Dortmund op-A 1992 CBM/29}) 5. Nf3 Nc6 6.
e3 e4 (6... Nf6 7. Be2 O-O 8. O-O a5 $10 {Gavrikov}) 7. Ng1 (7. Nd2 $5 f5 8. b4
) 7... Bg5 8. h4 Be7 (8... Bxh4 $2 9. Rxh4 Qxh4 10. Nxc7+ Kd8 11. Nxa8 $16) 9.
Ne2 f5 10. Nef4 Nf6 11. Nxf6+ (11. Bd2 $5) 11... Bxf6 12. Nd5 O-O 13. Bd2 Ne7
14. Nxf6+ Rxf6 15. d5 Ng6 $1 16. Bc3 Ne5 17. Bxe5 dxe5 18. Qc2 c5 $1 $10 19.
O-O-O Qa5 20. Kb1 Bd7 21. Qd2 Qxd2 22. Rxd2 f4 23. Kc1 Raf8 24. Be2 Rg6 25. Rg1
fxe3 26. fxe3 Rg3 27. Rc2 Kf7 $1 28. Kd2 Ke7 29. Rc3 Rf2 30. Ke1 Rfxg2 31. Rxg2
Rxg2 32. Ra3 a6 33. Rb3 b5 $1 34. cxb5 axb5 35. Bxb5 Bxb5 36. Rxb5 Kd6 37. a4
Rh2 38. a5 Rxh4 39. Rb7 Kxd5 40. a6 Rh1+ 41. Kd2 Ra1 42. a7 h5 43. Rxg7 h4 44.
Rh7 h3 45. Kc3 h2 46. Rxh2 Rxa7 47. Rh8 Ra1 48. Rd8+ Ke6 49. Re8+ Kd6 50. Rd8+
Ke7 $1 51. Rd5 Rc1+ 52. Kd2 Ke6 $1 53. Kxc1 (53. Rd8 $1 $17) (53. Rxe5+ $2 Kxe5
54. Kxc1 Kf5 55. Kd2 Kg4 56. Ke2 Kg3 57. b3 Kg2 $19) 53... Kxd5 54. Kc2 Ke6 $1
55. Kc3 Kf5 56. Kc4 Kg4 57. Kxc5 Kf3 58. b4 Kxe3 59. b5 Kf3 60. b6 e3 61. b7 e2
62. b8=Q e1=Q 63. Qf8+ Ke2 64. Kd5 Qa5+ 65. Ke4 Qc3 $1 66. Qd6 Qe3+ 67. Kf5 e4
68. Qh2+ Kd3 69. Qd6+ Qd4 70. Qa6+ Kd2 71. Qa2+ Ke3 72. Qb1 Qd7+ 73. Kg5 Qd3
74. Qg1+ Ke2 75. Qg2+ Kd1 76. Qg1+ Kc2 77. Qc5+ Qc3 78. Qf5 Qg3+ 79. Kh6 Qf3
80. Qc5+ Kd2 81. Qb4+ Ke2 82. Qb2+ Kf1 83. Qb1+ Kg2 84. Qb2+ Kh3 85. Qb7 Qf4+
86. Kh7 Qh4+ 87. Kg8 Qg4+ 88. Kh7 e3 0-1

[Event "Rishon Le Ziyyon YM"]
[Site "Rishon Le Ziyyon"]
[Date "1995.??.??"]
[Round "1"]
[White "Alterman, Boris"]
[Black "Oratovsky, Michael"]
[Result "1-0"]
[WhiteElo "2575"]
[BlackElo "2535"]
[Annotator "Ribli,Z"]
[PlyCount "72"]
[EventDate "1995.02.??"]
[EventType "tourn"]
[EventRounds "11"]
[EventCountry "ISR"]
[EventCategory "11"]
[SourceTitle "CBM 046"]
[Source "ChessBase"]
[SourceDate "1995.06.01"]
[SourceVersion "1"]
[SourceVersionDate "1995.06.01"]
[SourceQuality "1"]

1. c4 e5 2. Nc3 Bb4 3. Nd5 Be7 4. d4 exd4 $6 {Diese Neuerung schafft nur dem
Nachziehenden Probleme.} (4... d6 $5) 5. Qxd4 Nf6 6. Nxe7 Qxe7 7. Qe3 $1 {
Weiss waehlt einen positionellen Weg.} Qxe3 8. Bxe3 Nc6 9. Rc1 d5 {Schwarz
koennte die Stellung mit 9...d6 geschlossen halten. In offener Stel- lung hat
eine Laeuferpaar mehr Moeglichkeiten.} (9... d6 $5) 10. cxd5 Nxd5 11. Bd2 Be6
12. Nf3 Nf6 (12... O-O-O 13. Ng5 $14) 13. a3 Ne4 14. Bf4 Nd6 15. e3 O-O-O 16.
Be2 f6 17. h4 h5 (17... h6 18. h5 $14) 18. b4 Bg4 19. b5 Ne7 20. Nd4 Ng6 {
Nach 20...Be2 21.Ke2 hat Schwarz Schwierigkeiten mit dem Punkt e6.} (20... Bxe2
$2 21. Kxe2 $16 {>< e6}) 21. Bxd6 Rxd6 22. f3 Bd7 23. Kf2 {Weiss hat einen
kleinen aber dauerhaften Vorteil.} Nf4 24. Bc4 Kb8 (24... Ne6 25. Nf5 $14) 25.
Rhd1 Ng6 26. Kg3 Ne5 27. Be2 Rd8 28. Rc5 $5 b6 29. Rc3 {Von hier an hat
Schwarz staendig Aerger auf der Diagonale e4-a8.} Rc8 30. Rdc1 g5 31. Kf2 Kb7 (
31... gxh4 32. Rh1 Ng6 33. Bd3 $16) 32. g3 {Droht (/\) f4 und Bf3.} c5 $2 {
Schwarz hat die Nerven (und bald auch die Partie ) verloren, doch seine Lage
war ohnehin rosig.} 33. bxc6+ Nxc6 (33... Bxc6 34. f4 $1 gxf4 35. gxf4 Ng4+ 36.
Bxg4 hxg4 37. Rxc6 Rcxc6 38. Rxc6 Rxc6 39. Nxc6 Kxc6 40. h5 Kd7 41. h6 Ke7 42.
h7 $18) 34. Nb5 $1 Rd5 (34... Re6 35. Bc4 $18) 35. e4 Rd2 36. Ke3 Rxe2+ {Ribli}
(36... Rb2 37. Nd6+ $18) 1-0

[Event "Chalkidiki"]
[Site "Chalkidiki"]
[Date "1992.??.??"]
[Round "8"]
[White "Lautier, Joel"]
[Black "Kotronias, Vasilios"]
[Result "1-0"]
[WhiteElo "2580"]
[BlackElo "2550"]
[Annotator "Ribli,Z"]
[PlyCount "77"]
[EventDate "1992.09.??"]
[EventType "tourn"]
[EventRounds "11"]
[EventCountry "GRE"]
[EventCategory "14"]
[SourceTitle "CBM 032"]
[Source "ChessBase"]
[SourceDate "1993.02.01"]
[SourceVersion "1"]
[SourceVersionDate "1993.02.01"]
[SourceQuality "1"]

1. c4 e5 2. Nc3 Bb4 3. Nd5 Ba5 4. b4 c6 5. bxa5 cxd5 6. cxd5 Qxa5 7. e4 (7. Qb3
$5 Nf6 8. Nf3 d6 9. Ba3 Qxd5 $2 (9... Ne4 $1 10. e3 Nd7 11. Rc1 (11. Bb5 a6 $5
12. Bxd7+ Bxd7 13. Qxb7 O-O $13) 11... O-O $13 {Kramnik,V-Kharlov,A URS-chJ
Kherson 1991 EXP/21}) 10. Qxd5 Nxd5 11. Bxd6 $16 {Christiansen-Cehov
Deutschland 1992 54/21}) 7... Nf6 8. Bd3 $5 (8. f3 O-O 9. Ne2 d6 10. a4 Na6 11.
Nc3 Nc5 12. Ba3 Nh5 13. Bc4 Bd7 14. Qb1 f5 $13 {Illescas-Psakhis Novi Sad ol
1990 50/(15)}) 8... Na6 9. f3 d6 10. Bb2 $1 Nc5 11. Bc2 Bd7 12. a4 O-O (12...
b5 $5) 13. Ne2 Rac8 (13... b5 $5) 14. Bc3 Qa6 15. d4 exd4 16. Bxd4 Qa5+ 17. Kf2
Ne8 18. g4 $1 $14 Nc7 19. g5 b5 20. Nf4 $1 $36 b4 21. Qd2 Qb6 22. a5 Qb5 23.
Rhb1 b3 24. Bd1 N7a6 25. Be2 Qb7 26. Nh5 Bg4 27. Nxg7 Nb4 28. Kg1 Nc2 29. fxg4
Nxe4 30. Nf5 $1 $18 Rfe8 31. Qd3 Nxa1 32. Bxa1 Qb4 33. Qd4 Qxd4+ 34. Nxd4 Nd2
35. Rd1 Rc2 36. Bb5 Rb8 37. Bd3 Ra2 38. Bc3 b2 39. Bxd2 1-0

[Event "Moscow B"]
[Site "Moscow"]
[Date "1994.??.??"]
[Round "2"]
[White "Pestov, Sergei M"]
[Black "Gagarin, Vasilij"]
[Result "0-1"]
[WhiteElo "2360"]
[BlackElo "2425"]
[Annotator "Ribli,Z"]
[PlyCount "76"]
[EventDate "1994.??.??"]
[EventType "tourn"]
[EventRounds "11"]
[EventCountry "RUS"]
[EventCategory "7"]
[SourceTitle "CBM 041"]
[Source "ChessBase"]
[SourceDate "1994.08.01"]
[SourceVersion "1"]
[SourceVersionDate "1994.08.01"]
[SourceQuality "1"]

1. c4 e5 2. Nc3 d6 3. g3 g6 4. Bg2 Bg7 5. e3 f5 6. Nge2 Nf6 7. d3 O-O 8. Rb1 (
8. O-O c6 9. b4 $13 {Frias,V-Romero Holmes,A/Wijk-B/1991/CBM22/}) 8... c6 (8...
a5 {Raicevic-Sahovic/Yugoslavia/INF25,46/}) 9. b4 d5 10. cxd5 cxd5 11. Qb3 (11.
b5 $5 Be6 12. d4 e4 13. O-O Nbd7 14. Qb3 $13) 11... Be6 12. d4 e4 13. Nf4 $6 (
13. b5 $5) 13... Bf7 14. b5 Nbd7 15. Na4 (15. Ncxd5 $2 Nxd5 16. Nxd5 Nb6 $19)
15... Rc8 16. O-O g5 17. Ne2 Nb6 18. Nc5 (18. Nxb6 Qxb6 (18... axb6 $5) 19. Ba3
Rfe8 20. Bc5 Qa5 21. a4 Nd7 22. Bb4 Qb6 23. Rfc1 Rc4 24. Bf1 $13) 18... Rc7 19.
f4 exf3 20. Bxf3 Nc4 21. Nc3 Re8 22. Nd1 Qc8 23. Qa4 Ng4 24. Bxg4 (24. Qxa7 $2
b6 $19) 24... fxg4 25. Rb4 Rce7 26. Nd3 Bg6 27. N3f2 b6 28. Qb3 h5 29. Nb2 $6
Bf7 30. Nxc4 dxc4 31. Qc3 Bd5 32. e4 Rxe4 $1 33. Nxe4 Rxe4 34. Be3 Qe6 35. Bf2
Re2 36. Re1 Qe4 37. Kf1 Bxd4 $1 38. Qxd4 Rxe1+ 0-1

[Event "GER-ch"]
[Site "Bad Neuenahr"]
[Date "1991.??.??"]
[Round "1"]
[White "Poldauf, Dirk"]
[Black "Lau, Ralf"]
[Result "0-1"]
[WhiteElo "2355"]
[BlackElo "2485"]
[Annotator "Ribli,Z"]
[PlyCount "72"]
[EventDate "1991.06.??"]
[EventType "tourn"]
[EventRounds "15"]
[EventCountry "GER"]
[EventCategory "7"]
[SourceTitle "CBM 024"]
[Source "ChessBase"]
[SourceDate "1991.10.01"]
[SourceVersion "1"]
[SourceVersionDate "1991.10.01"]
[SourceQuality "1"]

1. c4 g6 2. Nc3 Bg7 3. g3 e5 4. Bg2 f5 5. e3 Nf6 6. Nge2 O-O 7. O-O d6 8. d3 a5
(8... Nbd7 9. Rb1 Kh8 10. b4 a6 11. Bb2 Nh5 12. f4 $14 {Kasparov,G-Yusupov,A
Linares 1991 CBM/22}) 9. b3 c6 10. e4 Na6 11. h3 $2 f4 $1 12. gxf4 Nh5 13. fxe5
dxe5 14. f3 (14. Be3 Qh4 $1 $40) 14... Nb4 15. Be3 Nxd3 16. Qd2 Ndf4 17. Qxd8
Rxd8 18. Kh2 Rd3 $17 19. Bb6 Nxg2 20. Kxg2 Nf4+ 21. Kg3 Rd2 22. Rfe1 Be6 23.
Rad1 Rc2 24. Rc1 Nxe2+ 25. Nxe2 Rxa2 26. Nc3 Ra3 27. Na4 Rxb3 28. Nc5 Rxb6 29.
Nxe6 a4 30. Red1 Bh6 31. Ra1 a3 32. c5 Rb2 33. Nc7 Bf4+ 34. Kh4 Rg2 35. Ne6 Rf8
36. Rxa3 Bg5+ $1 0-1

[Event "EU-Cup 18th"]
[Site "Kallithea"]
[Date "2002.09.22"]
[Round "1.1"]
[White "Cobb, Charles"]
[Black "Hickl, Joerg"]
[Result "1-0"]
[WhiteElo "2313"]
[BlackElo "2602"]
[Annotator "Ribli,Z"]
[PlyCount "67"]
[EventDate "2002.09.22"]
[EventType "team-swiss"]
[EventRounds "7"]
[EventCountry "GRE"]
[SourceTitle "CBM 092"]
[Source "ChessBase"]
[SourceDate "2003.02.06"]
[SourceVersion "1"]
[SourceVersionDate "2003.02.06"]
[SourceQuality "1"]
[WhiteTeam "Cardiff"]
[BlackTeam "Hohenems"]
[WhiteTeamCountry "WLS"]
[BlackTeamCountry "AUT"]

1. c4 e5 2. Nc3 d6 3. d4 {Ich muss bemerken, dass man dieselbe Stellung von
der Zugfolge 1.d4 d6 2.c4 e5 3.Nc3 erhalten kann, wobei dort statt 3.Nc3 der
andere Springerzug (3.Nf3) die bessere Moeglichkeit fuer Weiss darstellt.} exd4
4. Qxd4 Nc6 (4... Nf6) 5. Qd2 (5. Qd1) 5... Nf6 6. b3 Be6 7. e4 g6 (7... a5 8.
Bd3 g6 9. Bb2 Bg7 10. Nf3 O-O 11. O-O Nd7 12. Nb5 Nde5 13. Nfd4 Bd7 14. Be2
Nxd4 15. Bxd4 Bc6 16. f4 Nd7 17. Bxg7 Kxg7 18. Qd4+ Kg8 19. Bf3 Re8 20. Rad1
Nc5 21. Nc3 Qh4 22. g3 Qe7 23. Rfe1 {1/2-1/2 Ahlander,B-Agrest,E/Sweden 1999/
EXT 2002 (46)}) (7... d5 8. exd5 Bb4 9. Nge2 Ne4 10. Qe3 Qf6 $13) 8. Bb2 Bg7 9.
Nf3 O-O 10. Be2 {Weiss hat eine sehr starke Zentrumstellung, aber Schwarz hat
auch keine Probleme.} (10. Bd3 Bg4 11. Ng1 Nd7 12. f3 Be6 13. O-O-O Nc5 14.
Nge2 Ne5 {0-1 Belmonte,D-Vescovi,G/Isla Margarita 1998/EXT 2000 (34)}) 10... a5
{[%cal Ga5a4] Das ist ein typisches Motiv in solchen Stellungen - mit
nachfolgendem 11...a4 moechte Schwarz die a-Linie oeffnen.} 11. O-O a4 12. Rad1
(12. Nxa4 $2 Nxe4 $15) 12... axb3 (12... a3 13. Ba1 $14 {Der a3P ist nur
scheinbar gefaehrlich fuer Weiss, spaeter kann eine Schwachung sein.}) 13. axb3
Re8 $11 (13... Nd7 $11) 14. h3 Nd7 {[%cal Gd7c5,Gd7e5,Gg7b2] Schwarz oeffnet
die Diagonale des g7-Laufers und bereitet entweder Nc5, oder Nde5 vor.} 15. Nd5
Ra2 16. Nc3 Ra8 17. Nd5 {Mit ungefaehr 300 Elo-Punkten weniger waere Weiss
zufrieden mit der Zugwiederholung.} Nde5 (17... Ra2 $11) 18. Ra1 {[%cal Ga1a8]
Jetzt es ist Weiss, wer kontrolliert die a-Linie.} Rxa1 19. Rxa1 Nxf3+ 20. Bxf3
Ne5 (20... Bxb2 21. Qxb2 Ne5 22. Be2 c6 $11) 21. Be2 c5 $6 {[%cal Ge5c6,Gc6d4]
Schwarz moechte in folgendem Nc6 ziehen, den dunkelfarbigen Läufer tauschen
und den Springer auf d4 plazieren, weil er den d5-Springer immer mit dem
Läufer tauschen kann. Aber der Nachteil des Textzugs ist, dass Schwarz den
d6-Bauern schwächt und die Moeglichkeit c7-c6 verliert.} (21... c6 $11) 22. Nc3
$1 {[%cal Gc3b5]} Qh4 {[%cal Gg7h6,Gh6d2] Wieder ein riskanter Zug - Schwarz
hat etwas Initiative am Koenigsfluegel, aber es droht noch nichts.} (22... Qf6
{[%cal Gg7b2]} 23. Qxd6 $16 (23. Nb5 Nf3+ (23... Nxc4 24. bxc4 Qxb2 25. Qxb2
Bxb2 26. Ra7 Be5 27. Rxb7 Ra8 28. Ra7 $11) 24. Bxf3 Qxb2 25. Qxb2 Bxb2 26. Ra7
$36)) (22... Nc6 23. Nb5 $14) 23. Nb5 {[%csl Rd6][%cal Gb2g7] Weiss spielt
einfach - er zielt den d6-Bauern.} Rd8 (23... Bh6 24. Qxd6 $16) 24. f4 $1 Bh6
$2 {[%mdl 16384] Es gibt gar nichts am Koenigsfluegel, aber Schwarz hofft
immernoch auf Angriff. Es waere notwendig 24...Nc6 zu ziehen.} (24... Nc6 25.
Bxg7 Kxg7 $14) 25. Rf1 $16 {[%csl Gb2,Gb5] Weiss hat eine sehr starke Stellung,
weil Schwarz sich viele positionelle Schwächungen zugefügt hat.} f6 (25... Bxh3
$2 26. Qe1 $1 $18 {[%cal Rf4e5,Rg2h3]}) 26. Qe3 {[%cal Ge3f2,Gf2h4] Die weisse
positionelle Drohung ist 27.Qf2, wonach Schwarz an seinen vielen Schwwächen
zugrunde geht.} Nf7 (26... Nc6 27. Nc7 Bf7 28. Nd5 $16) 27. g3 $1 {[%mdl 64]
Ein originelles Motiv - Weiss spielt auf Damenfang.} (27. Nc7 Bd7 28. Nd5 $16)
27... Qxh3 28. Rf2 {[%csl Rh3][%cal Rf2h2,Rh2h3]} Bc8 $8 (28... Bd7 29. Rh2 Qe6
30. Nc7 Qe7 31. Nd5 $18) 29. Bxf6 Rf8 30. Bb2 {[%cal Gb2h8]} Bg7 (30... Qd7 31.
Qc3 $16 {[%cal Gb2h8] Droht 32.Rh2 und 33.Rxh6.}) 31. Bxg7 Kxg7 32. Nc7 {
[%csl Rg7][%cal Gc7d5,Ge3c3,Gc3g7]} Nd8 33. f5 $1 $18 {Droht wieder 34.Rh2,
mit Damenfang. Die schwarze Stellung ist hoffnungslos.} Qh6 (33... gxf5 34.
Qg5+ Kh8 35. Rh2 $19) 34. f6+ (34. f6+ Rxf6 35. Qxh6+ Kxh6 36. Rxf6 $18) 1-0

[Event "St Petersburg"]
[Site "St Petersburg"]
[Date "1992.??.??"]
[Round "?"]
[White "Lerner, Konstantin Z"]
[Black "Savchenko, Stanislav"]
[Result "1-0"]
[WhiteElo "2515"]
[BlackElo "2505"]
[Annotator "Ribli,Z"]
[PlyCount "57"]
[EventDate "1992.??.??"]
[EventType "tourn"]
[EventRounds "11"]
[EventCountry "RUS"]
[EventCategory "10"]
[SourceTitle "CBM 030"]
[Source "ChessBase"]
[SourceDate "1992.10.01"]
[SourceVersion "1"]
[SourceVersionDate "1992.10.01"]
[SourceQuality "1"]

1. c4 e5 2. Nc3 d6 3. g3 f5 4. d4 $1 e4 (4... Be7 $5) 5. f3 exf3 6. Nxf3 Nf6 7.
Bg2 Be7 8. O-O O-O 9. Qd3 $1 $14 Nc6 10. a3 a6 11. Bg5 Bd7 12. Rae1 Kh8 13. b4
Rb8 14. Bf4 $1 Nh5 15. d5 $14 Nxf4 16. gxf4 Na7 17. e4 fxe4 18. Nxe4 c5 (18...
Bf5 19. Nd4 $14) 19. Neg5 Bf5 20. Qe3 Nc8 21. Nh4 $1 Qd7 22. Nxf5 Qxf5 23. Ne6
$16 Rg8 24. Be4 Qg4+ 25. Kh1 Nb6 26. Qd3 Qh4 27. Re3 g6 28. Rh3 Qf6 29. Rg1 1-0

[Event "Bad Homburg"]
[Site "Bad Homburg"]
[Date "1996.??.??"]
[Round "5"]
[White "Bezold, Michael"]
[Black "Slobodjan, Roman"]
[Result "1-0"]
[WhiteElo "2495"]
[BlackElo "2520"]
[Annotator "Ribli,Z"]
[PlyCount "103"]
[EventDate "1996.07.20"]
[EventType "tourn"]
[EventRounds "9"]
[EventCountry "GER"]
[EventCategory "12"]
[SourceTitle "CBM 055"]
[Source "ChessBase"]
[SourceDate "1996.12.01"]
[SourceVersion "1"]
[SourceVersionDate "1996.12.01"]
[SourceQuality "1"]

1. c4 e5 2. e3 {Ribli.Weiss spielt Sizilianisch mit einem Tempo mehr. Aber das
ist sicher nicht die beste Moeglichkeit, um zu Vorteil zu kommen.} d6 3. Nc3 g6
4. g3 Bg7 5. Bg2 Ne7 {Ribli.Ich empfehle lieber 5...f5,nebst Nf6.} (5... f5 6.
d3 Nf6 7. Nge2 O-O 8. O-O c6 9. b4 (9. b3 a5 10. Bb2 Na6 11. Rc1 Bd7 12. Qd2
Rb8 13. Rfd1 Re8 14. h3 Kh8 15. Kh2 b5 $13 {Petursson,M-Pedersen,St/Copenhagen
PC/1996/CBM54/}) 9... a6 $5 (9... Be6 10. b5 Qc7 (10... d5 11. Ba3 Re8 12. cxd5
cxd5 13. d4 e4 14. Qb3 Nbd7 15. Na4 Nb6 16. Nxb6 Qxb6 17. Nc3 a6 18. Rfc1 Rec8
19. Bf1 Qd8 20. Na4 $14 {Skrobek,R-Bartosik,P/Wisla/1992/}) 11. bxc6 bxc6 12.
Qa4 Nfd7 $1 13. Ba3 Nc5 14. Qc2 (14. Bxc5 $5) 14... Qa5 15. Bb2 Nba6 16. a3
Rab8 17. Rab1 $13 {Rotstein,A-Housek,M/Cannes op/1992/}) 10. a4 Be6 11. Bb2 d5
12. cxd5 cxd5 13. a5 Nc6 14. Na4 Bf7 15. Qd2 Re8 16. Rfc1 Nd7 $13 {Frias,
V-Romero Holmes,A/Wijk-B/1991/}) 6. Nge2 O-O 7. O-O c6 8. d4 Nf5 (8... exd4 $5
9. Nxd4 (9. exd4 d5 $10) 9... Nf5) (8... Qc7 9. b3 Rd8 10. Qd2 Nf5 11. Bb2 exd4
12. Nxd4 Nxd4 13. exd4 Nd7 14. Rfe1 Nf6 15. d5 $36 {Sunye Neto,J-Prins,L/Palma
de Mallorca/1989/}) 9. b3 Re8 10. Bb2 Nd7 11. Qd2 Nf6 12. Rad1 Qa5 13. Qc1 (13.
dxe5 $5 dxe5 14. e4 $14) 13... Ng4 14. dxe5 dxe5 15. h3 {Ribli.Nach
ungewoehnlicher Eroeffnung sind wir nun in einer typisch Koenigsindischen
Stellung.} Nf6 16. e4 Ne7 $14 {Ribli.Weiss steht befriedigend.} 17. Na4 Nd7 (
17... Be6 $5 18. f4 $36) 18. Bc3 Qc7 {Ribli.Droht eventuell 17...b5.} 19. Bb4
c5 20. Ba3 b6 21. Nac3 Ba6 22. f4 (22. Nd5 $5 {Ribli.Weiss hat freie Hand.} Qc6
(22... Nxd5 23. exd5 Rad8 24. Bb2) 23. Nec3) 22... Rad8 23. f5 Nf6 24. g4 h6 {
Ribli.Weiss hat grossen Raumvorteil, Schwarz eine passive, aber solide
Stellung.} 25. Qe3 Bb7 26. Bc1 Rxd1 27. Rxd1 Rd8 28. Rf1 (28. Rxd8+ Qxd8 29.
Bf3 {Ribli. Der weisse Plan ist h3-h4,g5, aber Schwarz kann sich retten.})
28... Qd6 29. Qg3 Nh7 30. h4 gxf5 $2 {Ribli.Positionell sehr schlecht gespielt.
Dieser Zug ueberlaesst Weiss das Feld e4.} 31. exf5 Bxg2 32. Qxg2 {Ribli.Nach
diesem Tausch sind auch die weissen Felder schwach .} f6 33. Ne4 Qc6 34. N2g3
$16 {Ribli.Der schwarze Laufer steht auf g7 wie ein Bauer.} Kh8 35. Be3 Rd3 36.
Qe2 Rd8 37. Qf3 Rd3 38. Nh5 Qd7 39. Nf2 Rd6 40. Qa8+ Nc8 41. Ng3 Qc7 42. Rd1
Rc6 $2 {Ribli.Spaeter muss er selbst Rd6 spielen.} (42... Nf8 43. Nge4 Rxd1+
44. Nxd1 Qd7) 43. Nge4 Nf8 44. Nc3 Rd6 45. Rxd6 Nxd6 46. Nfe4 $1 (46. Nd5)
46... Nxe4 47. Qxe4 Qd7 48. Kf2 Kg8 49. Ke2 Kf7 50. Nb5 a6 51. Nc3 a5 52. Na4 {
Ribli.Weiss hat eine ueberlegene Stellung, die Partieaufgabe kommt aber zu
frueh.} 1-0